zpět

Detail výsledku týmu

Ovečka, Karviná

Datum a čas kvízu

26 Celkem bodů Celkový počet nahraných bodů na tomto kvízu bez doplňovacích otázek.
3. Pořadí na kvízu Konečné umístění týmu na tomto kvízu.

Zaznamenané odpovědi

# Otázka Odpověď Body Výsledky
1. V jedné z nejstarších leteckýc... Aero Vodochody 1
2. Dvaasedmdesátiletou pacientku... v Německu 1
3. Jak to dopadne, když se bohové... Největší dar 1
4. Minulý týden jsme se dozvěděli... Popeyes 0
5. Jeden z favoritů mistrovství s... Japonsko 1
6. V tomto tématu se podíváme na... 1B 2A 3C 4D 1
7. V následujících slovech se na... 1B 2D 3C 4A 0
8. Podívejme se teď na místní jmé... C 1
9. V následujících slovech je vyn... B 0
10. Na závěr se podíváme na několi... B 1